| 000 | 00687 a2200253 4500 | ||
|---|---|---|---|
| 001 | 200000494 | ||
| 999 |
_c200000494 _d42598 |
||
| 003 | TR-AnTOB | ||
| 005 | 20201119092624.0 | ||
| 008 | 090722s2005 sp 00000 eng | ||
| 020 | _a0462007464 | ||
| 040 | _aTR-AnTOB | ||
| 041 | _aeng | ||
| 050 | 0 |
_aTRCSLISHAR2005 _bHARu |
|
| 090 | _aTRC S LIS HAR 2005 HARu | ||
| 100 | 1 |
_aHarmer, Jeremy _917304 |
|
| 245 | 0 |
_aJust listening and speaking : _bupper intermediate / _cJeremy Harmer, Carol Lethaby. |
|
| 264 | 1 |
_aSpain : _bMarshall Cavendish Education, _c2005. |
|
| 300 | _a92 p. | ||
| 650 | 0 |
_aListening _967780 |
|
| 700 | 1 |
_aLethaby, Carol _967871 |
|
| 903 | _aOkutman Kaynak Merkezi | ||
| 945 | _aAÜ | ||
| 942 | _cBK | ||